| 000 | 00994nam a2200253Ia 4500 | ||
|---|---|---|---|
| 003 | OSt | ||
| 005 | 20220923211011.0 | ||
| 006 | a|||||r|||| 00| 0 | ||
| 007 | ta | ||
| 008 | 220922b |||||||| |||| 00| 0 hin d | ||
| 020 |
_a8170551765 (hbk) _c500 |
||
| 024 | _a240,852 | ||
| 037 |
_b513, 08/03/2010, Vani Prakashan _cTextual |
||
| 040 |
_aARTS _cARTS _bhin |
||
| 041 |
_2hin _ahin |
||
| 082 | _aO152,3N276x, P2 | ||
| 100 |
_aकुॅंवर नारायण; मिश्र, यतीन्द्र, संपा. _9157016 |
||
| 245 | 0 |
_aकुॅंवर नारायण _b संसार |
|
| 246 | _aKuॅanvar nārāyaṇa: sansāra | ||
| 260 |
_aनयी दिल्ली _b वाणी प्रकाशन _c2002 |
||
| 300 |
_a501पृ. _ccm. |
||
| 942 |
_hO152,3N276x, P2 _cTEXL _2CC |
||
| 999 |
_c293738 _d293738 |
||